000
00539nam a2200145Ia 4500
008
100204s9999 xx 000 0 und d
082
_b
27731
100
_a
रघुवंशी रमेश
245
_a
अलौकिक इच्छाशक्ती कशी वाढवावी
250
_a
0
300
_a
64
630
_a
अलौकिक इच्छाशक्ती कशी वाढवावी
730
_a
अलौकिक इच्छाशक्ती कशी वाढवावी
942
_c
BOOK
999
_c
472911
_d
472908